000 01119nam a2200241 a 4500
001 71292
003 BD-RjUL
005 20211209082110.0
008 170430s2007 bg ||||| |||| 001 0 ben d
020 _a9840746138 :
_c: TK. 150.00
035 _a(BD-RjUL)71508
040 _aBD-RjUL
_bben
_cBD-RjUL
_dBD-RjUL
041 _aben
082 _223
_a891.44109
_bHOK 2007
100 _aহোসেন, কাজী মোজাম্মেল
_9210954
245 _aকাজী নজরুল ইসলাম এবং জীবনানন্দ দাশের কবিতায় রঙের ব্যবহারবৈচিত্র্য /
_cকাজী মোজাম্মেল হোসেন
260 _aঢাকা :
_bবাংলা একাডেমী,
_c২০০৭.
300 _a[তেরো], ৩১০ পৃ. ;
_c২২ সেমি.
500 _aনির্ঘন্ট সংযুক্ত.
650 _aবাংলা কবিতা
_vইতিহাস এবং সমালোচনা
_9210955
650 _aBengali Poetry
_vHistory and Criticism
_9117725
942 _2ddc
_cBK
999 _c71292
_d71292